| 000 | 00683nam a2200229 i 4500 | ||
|---|---|---|---|
| 001 | 139721 | ||
| 003 | ES-MaACL | ||
| 005 | 20230906195903.0 | ||
| 007 | t| | ||
| 008 | 070214s1969 sp r ||||1| spa d | ||
| 100 | 1 |
_aSchillebeekx, Edward. _9187142 |
|
| 245 | 1 | 0 |
_aRevelación y teología / _cEdward Schillebeekx ; [tradujo: Alfonso Ortiz García]. |
| 250 | _a3ª ed. | ||
| 260 |
_aSalamanca : _bSígueme, _c1969. |
||
| 300 |
_a446 p. ; _c19 cm. |
||
| 490 | 1 |
_aVerdad e imagen ; _v1 |
|
| 650 | 0 | 4 |
_aRevelación. _916895 |
| 700 | 1 |
_aOrtiz García, Alfonso. _987618 |
|
| 830 | 0 |
_aVerdad e imagen ; _v1 _9182105 |
|
| 852 |
_aES-MaACL _jC-56654 _bR.89331 |
||
| 999 |
_c139721 _d139721 |
||